000 00788nam a2200253Ia 4500
003 OSt
005 20220918183829.0
006 a|||||r|||| 00| 0
007 ta
008 220917b |||||||| |||| 00| 0 eng d
024 _a41,483
037 _cTextual
040 _aARTS
_cARTS
_beng
041 _2eng
_aeng
082 _aO15,3D60,H;g(Y:1), 111K9
100 _aAgrawala Vasudeva S
_941762
245 0 _aDeeds of Harsha
_b being a cultural study of Bana's Harsha charita ed P K Agarwala
260 _aVaranasi
_bPrithvi Prakashan India
_c1969
300 _axxii,269p.
_ccm.
500 _aAppendix 240-60p; Bib 261-63p
650 _aSANSKRIT LITERATURE
942 _hO15,3D60,H;g(Y:1), 111K9
_cTEXL
_2CC
999 _c174000
_d174000